[Event "Bhubaneswar op-A 15th"]
[Site "Bhubaneswar"]
[Date "2024.12.08"]
[Round "9"]
[White "Hemal Varshan, Andalamala"]
[Black "Mhamane, Sourabh"]
[Result "0-1"]
[WhiteElo "1882"]
[BlackElo "2018"]
[PlyCount "94"]
[EventDate "2024.12.02"]
[EventType "swiss"]
[EventRounds "10"]
[EventCountry "IND"]
[SourceTitle "CB50_2024"]
[SourceDate "2024.11.01"]
[SourceVersion "1"]
[SourceVersionDate "2024.11.01"]
[SourceQuality "2"]

1. e4 c5 2. Nf3 Nc6 3. Bb5 e5 4. 0-0 Bd6 5. c3 a6 6. Bxc6 dxc6 7. d4 exd4 8. cxd4 Bg4 9. d5 cxd5 10. exd5 Ne7 11. h3 Bh5 12. Nc3 0-0 13. Be3 Re8 14. Re1 b5 15. Kh1 Nf5 16. Qd3 Bg6 17. Qd2 b4 18. Na4 Qa5 19. b3 Nxe3 20. Rxe3 c4 21. Rae1 Red8 22. Qd4 Bf8 23. Qxc4 Rxd5 24. Ne5 Rd6 25. Qe2 Qb5 26. Nc4 Rdd8 27. Re5 Qb7 28. Qe3 f6 29. Nc5 Qf7 30. Re6 Qa7 31. Nb6 Bf7 32. Nca4 Rab8 33. Re4 Rd6 34. Nc4 Qxe3 35. R1xe3 Rd1+ 36. Kh2 Rf1 37. Re2 Rd8 38. Ne3 Bd6+ 39. g3 Rc1 40. Kg2 Bf8 41. Nb2 Be8 42. Rc4 Bc6+ 43. f3 Rxc4 44. Nbxc4 Bc5 45. Rc2 Rd3 46. Kf2 Bb5 47. Ke2 Rxe3+ 0-1

[Event "Bhubaneswar op-A 15th"]
[Site "Bhubaneswar"]
[Date "2024.12.06"]
[Round "6"]
[White "Mhamane, Sourabh"]
[Black "Sahoo, Stitaprangya"]
[Result "1-0"]
[WhiteElo "2018"]
[BlackElo "1733"]
[PlyCount "129"]
[EventDate "2024.12.02"]
[EventType "swiss"]
[EventRounds "10"]
[EventCountry "IND"]
[SourceTitle "CB50_2024"]
[SourceDate "2024.11.01"]
[SourceVersion "1"]
[SourceVersionDate "2024.11.01"]
[SourceQuality "2"]

1. c4 Nf6 2. g3 c6 3. Bg2 d5 4. Nf3 g6 5. 0-0 Bg7 6. b3 Ne4 7. d4 0-0 8. Bb2 Nd7 9. e3 e6 10. Qc2 f5 11. Ne1 Rb8 12. a4 b6 13. Nd3 Bb7 14. Rd1 g5 15. f3 Nef6 16. Ba3 Re8 17. Ne5 f4 18. Bd6 Rc8 19. exf4 gxf4 20. Nc3 Nf8 21. c5 fxg3 22. hxg3 Nh5 23. g4 Nf4 24. Ne2 Nxe2+ 25. Qxe2 Ng6 26. Nxg6 hxg6 27. b4 Qh4 28. f4 g5 29. Ra3 gxf4 30. Bxf4 Qf6 31. Bd6 Qg6 32. Rf3 Rcd8 33. Be5 Rf8 34. Bxg7 Rxf3 35. Qxf3 Qxg7 36. Qe2 Bc8 37. Bf3 bxc5 38. bxc5 Re8 39. Qg2 e5 40. dxe5 Qxe5 41. Rf1 Qd4+ 42. Qf2 Qxf2+ 43. Kxf2 Kg7 44. Rb1 Ba6 45. Kg3 Re3 46. Kf4 Rc3 47. Rb8 Rxc5 48. Ra8 Rc4+ 49. Kg5 Rxa4 50. Rxa7+ Kf8 51. Bd1 Ra2 52. Bb3 Ra3 53. Bc2 Rc3 54. Bf5 Bb5 55. Kf6 Re3 56. g5 Re8 57. g6 d4 58. Be6 Rxe6+ 59. Kxe6 Bc4+ 60. Kf6 Ke8 61. Ra4 Bb3 62. Rxd4 c5 63. Rd3 Ba2 64. Ra3 Bd5 65. Ra5 1-0

[Event "Bhubaneswar op-A 15th"]
[Site "Bhubaneswar"]
[Date "2024.12.04"]
[Round "3"]
[White "Nguyen, Van Huy"]
[Black "Mhamane, Sourabh"]
[Result "1-0"]
[WhiteElo "2358"]
[BlackElo "2018"]
[PlyCount "89"]
[EventDate "2024.12.02"]
[EventType "swiss"]
[EventRounds "10"]
[EventCountry "IND"]
[SourceTitle "CB50_2024"]
[SourceDate "2024.11.01"]
[SourceVersion "1"]
[SourceVersionDate "2024.11.01"]
[SourceQuality "2"]

1. d4 Nf6 2. c4 g6 3. Nf3 Bg7 4. g3 0-0 5. Bg2 d6 6. 0-0 Nbd7 7. Nc3 e5 8. e4 c6 9. h3 Qb6 10. d5 cxd5 11. cxd5 Nc5 12. Qe2 Bd7 13. Be3 Rfc8 14. Rab1 a5 15. Nd2 Qa6 16. Qxa6 Nxa6 17. Rfc1 b5 18. Bf1 Rcb8 19. b3 Ne8 20. a4 Nec7 21. axb5 Nxb5 22. Nc4 Nd4 23. Nxa5 Nb4 24. Nc4 Bf8 25. Rb2 f5 26. f4 Be7 27. Kg2 fxe4 28. fxe5 Nf5 29. Bg1 dxe5 30. Nxe5 Be8 31. Nxe4 Kg7 32. Bc4 Ra5 33. Rd1 h5 34. g4 hxg4 35. hxg4 Nh4+ 36. Kg3 g5 37. Bd4 Kh6 38. d6 Nc6 39. Nxc6 Bxc6 40. dxe7 Bxe4 41. Bc3 Raa8 42. Rd6+ Bg6 43. Bf7 Rc8 44. Bd4 Rc1 45. Bxg6 1-0

[Event "Udaipur Kingdom of Chess op 1st"]
[Site "Udaipur"]
[Date "2024.10.25"]
[Round "6"]
[White "Majumder, Shrayan"]
[Black "Mhamane, Sourabh"]
[Result "1/2-1/2"]
[WhiteElo "2134"]
[BlackElo "1982"]
[PlyCount "107"]
[EventDate "2024.10.23"]
[EventType "swiss"]
[EventRounds "9"]
[EventCountry "IND"]
[SourceTitle "CB44_2024"]
[Source "Chessbase"]
[SourceDate "2024.10.30"]
[SourceVersion "1"]
[SourceVersionDate "2024.10.30"]
[SourceQuality "1"]

1. b3 Nf6 2. Bb2 g6 3. c4 Bg7 4. g3 d6 5. d4 c5 6. dxc5 Qa5+ 7. Qd2 Qxd2+ 8. Nxd2 dxc5 9. Bg2 0-0 10. Nh3 Bxh3 11. Bxh3 Nc6 12. 0-0-0 Rfd8 13. Bg2 Rac8 14. Bxf6 exf6 15. Ne4 Nd4 16. e3 f5 17. exd4 fxe4 18. Bxe4 Rxd4 19. Bxb7 Re8 20. Bf3 Bf6 21. Kc2 Kg7 22. Rhe1 Rxe1 23. Rxe1 Rd8 24. Bd5 Kf8 25. Kd3 a5 26. h4 Re8 27. Rh1 h6 28. g4 Kg7 29. f4 Bd4 30. Be4 f5 31. gxf5 gxf5 32. Bxf5 Re3+ 33. Kd2 Rf3 34. Bd3 Rxf4 35. Rh3 Kf6 36. h5 Rf2+ 37. Be2 Be5 38. Rd3 Rf4 39. Kc2 Rd4 40. Rf3+ Rf4 41. Rh3 Rd4 42. Rh1 Bf4 43. Bd3 Bg5 44. Re1 Rh4 45. Be2 Re4 46. Rf1+ Ke5 47. Bd3 Rf4 48. Re1+ Kd4 49. Re6 Rf2+ 50. Be2 Be3 51. Kd1 Bg5 52. Rd6+ Kc3 53. Rd3+ Kb4 54. Rf3 1/2-1/2

[Event "Udaipur Kingdom of Chess op 1st"]
[Site "Udaipur"]
[Date "2024.10.24"]
[Round "3"]
[White "Mhamane, Sourabh"]
[Black "Ranjith, Pratap"]
[Result "1-0"]
[WhiteElo "1982"]
[BlackElo "1746"]
[PlyCount "123"]
[EventDate "2024.10.23"]
[EventType "swiss"]
[EventRounds "9"]
[EventCountry "IND"]
[SourceTitle "CB44_2024"]
[Source "Chessbase"]
[SourceDate "2024.10.30"]
[SourceVersion "1"]
[SourceVersionDate "2024.10.30"]
[SourceQuality "1"]

1. c4 e5 2. g3 Nf6 3. Bg2 c6 4. Nf3 e4 5. Nd4 Qb6 6. Nb3 a5 7. d3 a4 8. N3d2 Bc5 9. Nxe4 Nxe4 10. Bxe4 Bxf2+ 11. Kf1 Bd4 12. Nc3 a3 13. Qb3 Qd8 14. Kg2 d5 15. cxd5 Qd7 16. h3 0-0 17. dxc6 Nxc6 18. e3 axb2 19. Qxb2 Be5 20. Qd2 Ra6 21. Bb2 f5 22. Bd5+ Kh8 23. d4 Bb8 24. Bc4 Qc7 25. Qf2 Rb6 26. Bb3 Na5 27. Nd5 Qd8 28. Nxb6 Nxb3 29. axb3 Qxb6 30. d5 Qxb3 31. Qd2 Qb6 32. Qd4 Qg6 33. Qxg7+ Qxg7 34. Bxg7+ Kxg7 35. Rhb1 Bd6 36. Rb5 Kf6 37. Kf3 Rg8 38. Rg1 h5 39. Rg2 Ke5 40. Rb6 Re8 41. Rc2 Rd8 42. Rd2 Kf6 43. Rc2 Ke7 44. Rd2 Rg8 45. Rg2 Kd7 46. Rb5 Kc7 47. Rc2+ Kb8 48. Rg2 Bd7 49. Rb6 Kc7 50. Rgb2 Bc8 51. e4 fxe4+ 52. Kxe4 Rxg3 53. R6b3 Rg5 54. Rf2 Re5+ 55. Kd4 Bf5 56. Rbf3 Bd7 57. Rf6 Rg5 58. Rc2+ Bc6 59. Rf7+ Kb6 60. dxc6 bxc6 61. Rb2+ Ka5 62. Ra7# 1-0

[Event "Udaipur Kingdom of Chess op 1st"]
[Site "Udaipur"]
[Date "2024.10.23"]
[Round "2"]
[White "Kacha, Akshit"]
[Black "Mhamane, Sourabh"]
[Result "0-1"]
[WhiteElo "1639"]
[BlackElo "1982"]
[PlyCount "70"]
[EventDate "2024.10.23"]
[EventType "swiss"]
[EventRounds "9"]
[EventCountry "IND"]
[SourceTitle "CB44_2024"]
[Source "Chessbase"]
[SourceDate "2024.10.30"]
[SourceVersion "1"]
[SourceVersionDate "2024.10.30"]
[SourceQuality "1"]

1. d4 Nf6 2. c4 g6 3. Nf3 Bg7 4. Nc3 0-0 5. e3 c5 6. Be2 cxd4 7. exd4 d5 8. cxd5 Nxd5 9. 0-0 Nc6 10. Qb3 Nxc3 11. bxc3 Na5 12. Qa3 Be6 13. Bg5 Re8 14. Bb5 Nc4 15. Qc1 Rf8 16. Re1 Rc8 17. Rb1 Rc7 18. Bxc4 Bxc4 19. Qa3 f6 20. Bf4 Rd7 21. Qxa7 Bd5 22. Nd2 e5 23. Be3 f5 24. f4 exf4 25. Bxf4 Qh4 26. Rf1 Re8 27. c4 Bxc4 28. Qa4 b5 29. Qd1 Bxf1 30. Qxf1 Bxd4+ 31. Kh1 Rde7 32. g3 Qf6 33. Nf3 Qc6 34. h4 Re2 35. Rc1 Qe4 0-1

[Event "Madurai Athens of the East op 3rd"]
[Site "Madurai"]
[Date "2023.12.27"]
[Round "7"]
[White "Manik, Mikulas"]
[Black "Mhamane, Sourabh"]
[Result "1-0"]
[WhiteElo "2343"]
[BlackElo "1789"]
[PlyCount "75"]
[EventDate "2023.12.23"]
[EventType "swiss"]
[EventRounds "10"]
[EventCountry "IND"]
[SourceTitle "CBM 218 Extra"]
[Source "ChessBase"]
[SourceDate "2024.03.31"]
[SourceVersion "1"]
[SourceVersionDate "2024.03.31"]
[SourceQuality "1"]

1. e4 c5 2. Nf3 e6 3. d4 cxd4 4. Nxd4 Nc6 5. Nc3 Qc7 6. f4 a6 7. Nxc6 bxc6 8. Bd3 d5 9. 0-0 Nf6 10. Qe2 Be7 11. Bd2 c5 12. b3 Bb7 13. f5 c4 14. bxc4 dxe4 15. Nxe4 Nxe4 16. Bxe4 Bxe4 17. Qxe4 Rc8 18. fxe6 Qb6+ 19. Kh1 Qxe6 20. Qb7 Qc6 21. Rab1 Qxb7 22. Rxb7 Kf8 23. c5 g5 24. Ra7 Rg8 25. Rxa6 Bxc5 26. Rh6 Be7 27. Rxh7 Rg7 28. Rxg7 Kxg7 29. Rc1 Ba3 30. Ra1 Rxc2 31. Bxg5 Kg6 32. Be3 Bb2 33. Rf1 Ba3 34. Rf2 Rc3 35. Rf6+ Kh5 36. Bf4 Bc1 37. h3 Rxh3+ 38. gxh3 1-0

[Event "Bhubaneswar op-A 14th"]
[Site "Bhubaneswar"]
[Date "2023.06.17"]
[Round "9"]
[White "Jaidambareesh, NR."]
[Black "Mhamane, Sourabh"]
[Result "1/2-1/2"]
[WhiteElo "1624"]
[BlackElo "1806"]
[PlyCount "61"]
[EventDate "2023.06.11"]
[EventType "swiss"]
[EventRounds "10"]
[EventCountry "IND"]
[SourceTitle "CBM 214 Extra"]
[Source "ChessBase"]
[SourceDate "2023.07.31"]
[SourceVersion "1"]
[SourceVersionDate "2023.07.31"]
[SourceQuality "1"]

1. Nf3 c5 2. g3 g6 3. c4 Nc6 4. Bg2 Bg7 5. Nc3 d6 6. 0-0 e5 7. d3 Nge7 8. a3 0-0 9. Rb1 a5 10. Ne1 Be6 11. Bg5 f6 12. Be3 Rb8 13. Nc2 Nd4 14. b4 b6 15. Bd2 axb4 16. axb4 d5 17. cxd5 Nxd5 18. Nxd5 Bxd5 19. Bxd5+ Qxd5 20. bxc5 bxc5 21. Nxd4 cxd4 22. Rxb8 Rxb8 23. Qc2 h5 24. Rc1 Kh7 25. Qc4 Qd7 26. e3 Rb2 27. Rc2 Rb1+ 28. Rc1 Rb2 29. Rc2 Rb1+ 30. Rc1 Rb2 31. Rc2 1/2-1/2

[Event "Bhubaneswar op-A 14th"]
[Site "Bhubaneswar"]
[Date "2023.06.16"]
[Round "8"]
[White "Mhamane, Sourabh"]
[Black "Rout, Yashita"]
[Result "1-0"]
[WhiteElo "1806"]
[BlackElo "1655"]
[PlyCount "58"]
[EventDate "2023.06.11"]
[EventType "swiss"]
[EventRounds "10"]
[EventCountry "IND"]
[SourceTitle "CBM 214 Extra"]
[Source "ChessBase"]
[SourceDate "2023.07.31"]
[SourceVersion "1"]
[SourceVersionDate "2023.07.31"]
[SourceQuality "1"]

1. d4 Nf6 2. c4 e6 3. g3 d5 4. Bg2 Be7 5. Nf3 0-0 6. 0-0 c6 7. Qc2 b6 8. b3 Nbd7 9. Rd1 Ba6 10. Nbd2 c5 11. e4 dxc4 12. e5 Nd5 13. bxc4 Nb4 14. Qb1 Rc8 15. dxc5 bxc5 16. a3 Nc6 17. Qe4 Ndxe5 18. Nxe5 Nxe5 19. Bb2 Ng6 20. h4 Rb8 21. Nf3 Qc7 22. Bc3 Bb7 23. Qe2 Bxf3 24. Bxf3 Rb3 25. Rdc1 Bf6 26. Bxf6 gxf6 27. h5 Ne5 28. Bg2 Rfb8 29. Rc2 f5 1-0

[Event "Bhubaneswar op-A 14th"]
[Site "Bhubaneswar"]
[Date "2023.06.13"]
[Round "4"]
[White "Mhamane, Sourabh"]
[Black "Prishita, Gupta"]
[Result "1/2-1/2"]
[WhiteElo "1806"]
[BlackElo "1491"]
[PlyCount "66"]
[EventDate "2023.06.11"]
[EventType "swiss"]
[EventRounds "10"]
[EventCountry "IND"]
[SourceTitle "CBM 214 Extra"]
[Source "ChessBase"]
[SourceDate "2023.07.31"]
[SourceVersion "1"]
[SourceVersionDate "2023.07.31"]
[SourceQuality "1"]

1. d4 Nf6 2. c4 c5 3. d5 b5 4. cxb5 a6 5. e3 d6 6. Nc3 g6 7. Nf3 Bg7 8. a4 0-0 9. e4 axb5 10. Bxb5 Ba6 11. Bd2 Nbd7 12. Bxa6 Rxa6 13. 0-0 Ng4 14. Qe2 Ra8 15. Bc1 Qb6 16. Nb5 Rfb8 17. Ra3 Rc8 18. b3 Nge5 19. Nxe5 Nxe5 20. f4 Nd7 21. Be3 Qa6 22. Rc1 Nb6 23. Ra2 c4 24. bxc4 Nxa4 25. h3 Qb7 26. Kh2 Nb6 27. Rxa8 Rxa8 28. Nxd6 exd6 29. Rb1 Ra6 30. Qf2 Qe7 31. Rxb6 Rxb6 32. Bxb6 Qxe4 33. Qf1 Bh6 1/2-1/2

[Event "Bhubaneswar op-A 14th"]
[Site "Bhubaneswar"]
[Date "2023.06.12"]
[Round "2"]
[White "Mhamane, Sourabh"]
[Black "Szpar, Milosz"]
[Result "1/2-1/2"]
[WhiteElo "1806"]
[BlackElo "2447"]
[PlyCount "66"]
[EventDate "2023.06.11"]
[EventType "swiss"]
[EventRounds "10"]
[EventCountry "IND"]
[SourceTitle "CBM 214 Extra"]
[Source "ChessBase"]
[SourceDate "2023.07.31"]
[SourceVersion "1"]
[SourceVersionDate "2023.07.31"]
[SourceQuality "1"]

1. d4 Nf6 2. c4 e6 3. g3 c5 4. d5 exd5 5. cxd5 d6 6. Nc3 g6 7. Nf3 Bg7 8. Bg2 0-0 9. 0-0 Re8 10. Nd2 Nbd7 11. a4 b6 12. Nb5 Bf8 13. e4 a6 14. Nc3 Rb8 15. Nc4 b5 16. axb5 axb5 17. Na5 Qc7 18. Nc6 Rb7 19. Re1 Ne5 20. f4 Bg4 21. Qd2 Nf3+ 22. Bxf3 Bxf3 23. Qd3 b4 24. Qxf3 bxc3 25. e5 Nxd5 26. Qxd5 cxb2 27. Bxb2 Rxb2 28. Ra7 Rb7 29. Rea1 Re6 30. Ra8 Rb2 31. Nd8 Re7 32. Nc6 Re6 33. Nd8 Re7 1/2-1/2

[Event "Bhubaneswar op-A 14th"]
[Site "Bhubaneswar"]
[Date "2023.06.11"]
[Round "1"]
[White "Siddhanth, Poonja"]
[Black "Mhamane, Sourabh"]
[Result "0-1"]
[WhiteElo "1616"]
[BlackElo "1806"]
[PlyCount "72"]
[EventDate "2023.06.11"]
[EventType "swiss"]
[EventRounds "10"]
[EventCountry "IND"]
[SourceTitle "EXT 2024"]
[Source "ChessBase"]
[SourceDate "2023.10.10"]
[SourceVersion "1"]
[SourceVersionDate "2023.10.10"]
[SourceQuality "1"]

1. d4 Nf6 2. Nc3 d5 3. Bf4 e6 4. Nb5 Na6 5. e3 Be7 6. Nf3 0-0 7. g4 Ne4 8. Bd3 c6 9. Nc3 Nxc3 10. bxc3 Qa5 11. Qd2 c5 12. Kf1 Nb8 13. Ne5 f6 14. Nf3 e5 15. dxe5 Bxg4 16. exf6 Bxf6 17. Ne5 Bh3+ 18. Kg1 Bxe5 19. Bxe5 Nc6 20. Bf4 Rad8 21. Qe2 Qxc3 22. Rb1 g6 23. Qf3 Bc8 24. Rb3 Qg7 25. c4 Ne5 26. Bxe5 Qxe5 27. Qg3 Qe6 28. cxd5 Rxd5 29. Bc4 Rd1+ 30. Kg2 Rd5 31. Qh4 Rff5 32. Rd3 Rxd3 33. Bxe6+ Bxe6 34. e4 Re5 35. Qf4 Bh3+ 36. Kg1 Rd1# 0-1

[Event "Vrindavana MMT op"]
[Site "Mathura"]
[Date "2023.04.27"]
[Round "9"]
[White "Mhamane, Sourabh"]
[Black "Rajesh, VAV"]
[Result "0-1"]
[WhiteElo "1751"]
[BlackElo "2323"]
[PlyCount "208"]
[EventDate "2023.04.23"]
[EventType "swiss"]
[EventRounds "9"]
[EventCountry "IND"]
[SourceTitle "CBM 213 Extra"]
[Source "ChessBase"]
[SourceDate "2023.05.31"]
[SourceVersion "1"]
[SourceVersionDate "2023.05.31"]
[SourceQuality "1"]

1. d4 Nf6 2. c4 b6 3. Nc3 Bb7 4. Qc2 e6 5. e4 Bb4 6. Bd3 c5 7. d5 exd5 8. exd5 0-0 9. Nge2 b5 10. b3 d6 11. 0-0 bxc4 12. bxc4 Nbd7 13. Bb2 Re8 14. Ng3 Bxc3 15. Qxc3 Ne5 16. Rab1 Ba6 17. f4 Nxd3 18. Qxd3 Rb8 19. Nf5 Rb4 20. Qg3 Nh5 21. Qg4 Rxb2 22. Rxb2 g6 23. Ng3 Nxg3 24. Qxg3 Bxc4 25. Rd1 Qf6 26. Rbd2 Qf5 27. h3 Re4 28. Rf2 Bxd5 29. Qg5 Qxg5 30. fxg5 Re5 31. Rfd2 Be6 32. Rxd6 Bxa2 33. Ra6 Bc4 34. Rxa7 Rxg5 35. Ra5 Be6 36. Kf2 Rf5+ 37. Ke3 Re5+ 38. Kf2 Rf5+ 39. Ke3 Rg5 40. Rd2 Rg3+ 41. Kf2 Rc3 42. Ra6 h5 43. Rad6 Kg7 44. R6d3 Rc4 45. Rf3 Rc1 46. Rdd3 Rc2+ 47. Kg1 c4 48. Rc3 Rb2 49. Rf2 Rb4 50. Kf1 Bd5 51. Rd2 Be6 52. Rf2 Rb5 53. Kg1 Kf8 54. Rd2 Ke7 55. Kf2 Kf6 56. Ke3 Ke5 57. Rd4 Rb2 58. Rd2 Rb1 59. Rdc2 Rb4 60. Rc1 Kd5 61. Rd1+ Kc5 62. Rd2 Rb1 63. Rdc2 Re1+ 64. Re2 Rb1 65. Rec2 Rg1 66. Kf2 Rd1 67. Ke2 Ra1 68. Ke3 Kb4 69. Kd2 Bd5 70. Rb2+ Kc5 71. Ke3 Rg1 72. Rcc2 Bc6 73. Ra2 Re1+ 74. Kf2 Re7 75. Rc1 Rd7 76. Rac2 Rd4 77. Ke3 Rd3+ 78. Ke2 Bd5 79. Rd1 Be4 80. Rdc1 Rd4 81. Ra2 Bxg2 82. Ra5+ Kb4 83. Rca1 Bc6 84. Ra6 Bd7 85. Rb1+ Kc5 86. Ra5+ Kd6 87. Rb6+ Ke7 88. Ra7 Kf8 89. Ke3 Rd3+ 90. Kf4 Kg7 91. Rbb7 Be6 92. h4 Rd4+ 93. Ke5 Rxh4 94. Re7 Rh1 95. Rac7 Re1+ 96. Kf4 Rf1+ 97. Kg3 Kf6 98. Re8 Rd1 99. Rc5 Rd3+ 100. Kf2 h4 101. Kg2 h3+ 102. Kh2 c3 103. Rg8 Rd2+ 104. Kg1 c2 0-1

[Event "Vrindavana MMT op"]
[Site "Mathura"]
[Date "2023.04.25"]
[Round "6"]
[White "Mhamane, Sourabh"]
[Black "Saurabh, Kumar2"]
[Result "1-0"]
[WhiteElo "1751"]
[BlackElo "1583"]
[PlyCount "75"]
[EventDate "2023.04.23"]
[EventType "swiss"]
[EventRounds "9"]
[EventCountry "IND"]
[SourceTitle "CBM 213 Extra"]
[Source "ChessBase"]
[SourceDate "2023.05.31"]
[SourceVersion "1"]
[SourceVersionDate "2023.05.31"]
[SourceQuality "1"]

1. d4 d5 2. c4 c6 3. Nf3 Nf6 4. g3 Bf5 5. Bg2 e6 6. Nc3 h6 7. Qb3 Qb6 8. c5 Qxb3 9. axb3 Be7 10. 0-0 0-0 11. b4 a6 12. h3 Nbd7 13. g4 Bh7 14. Bf4 Ne4 15. Bh2 Rfe8 16. Rfd1 Bf6 17. Ne5 Bxe5 18. dxe5 Nxc3 19. bxc3 f6 20. f4 Rad8 21. Rd2 g5 22. e3 gxf4 23. exf4 Kf7 24. Bg3 Ra8 25. c4 Rac8 26. f5 exf5 27. cxd5 Nxe5 28. Bxe5 Rxe5 29. dxc6 bxc6 30. Rxa6 fxg4 31. Rd7+ Kg8 32. Raa7 Be4 33. Rg7+ Kh8 34. hxg4 Rd8 35. Rgd7 Rxd7 36. Rxd7 Bxg2 37. Kxg2 Re4 38. b5 1-0

[Event "Vrindavana MMT op"]
[Site "Mathura"]
[Date "2023.04.25"]
[Round "5"]
[White "Narayan, Iyengar"]
[Black "Mhamane, Sourabh"]
[Result "1/2-1/2"]
[WhiteElo "1645"]
[BlackElo "1751"]
[PlyCount "53"]
[EventDate "2023.04.23"]
[EventType "swiss"]
[EventRounds "9"]
[EventCountry "IND"]
[SourceTitle "CBM 213 Extra"]
[Source "ChessBase"]
[SourceDate "2023.05.31"]
[SourceVersion "1"]
[SourceVersionDate "2023.05.31"]
[SourceQuality "1"]

1. e4 c5 2. Nf3 e6 3. d4 cxd4 4. Nxd4 Nc6 5. Nc3 Qc7 6. Be2 Nf6 7. 0-0 a6 8. Be3 Be7 9. f4 d6 10. Bf3 0-0 11. Kh1 Nxd4 12. Qxd4 e5 13. Qd2 exf4 14. Bxf4 Be6 15. Rfd1 Rad8 16. Ne2 Rfe8 17. Nd4 Qc8 18. h3 h6 19. a4 Bf8 20. Re1 Qc5 21. c3 Nd7 22. Nxe6 Rxe6 23. Qd4 Ne5 24. Qxc5 dxc5 25. Bxe5 Rxe5 26. Rad1 Rde8 27. Rf1 1/2-1/2

[Event "Mumbai Wealth op 7th"]
[Site "Mumbai"]
[Date "2022.12.28"]
[Round "5"]
[White "Alvares, Sidarth"]
[Black "Mhamane, Sourabh"]
[Result "0-1"]
[WhiteElo "1571"]
[BlackElo "1717"]
[PlyCount "86"]
[EventDate "2022.12.26"]
[EventType "swiss"]
[EventRounds "9"]
[EventCountry "IND"]
[SourceTitle "EXT 2024"]
[Source "ChessBase"]
[SourceDate "2023.10.10"]
[SourceVersion "1"]
[SourceVersionDate "2023.10.10"]
[SourceQuality "1"]

1. e4 c5 2. Nc3 e6 3. d3 Nc6 4. g3 d5 5. Bg2 Nf6 6. Bg5 d4 7. Nce2 e5 8. Bd2 Bd6 9. f4 h5 10. Nf3 Bg4 11. h3 Bxf3 12. Bxf3 h4 13. g4 exf4 14. Bxf4 Bxf4 15. Nxf4 Qd6 16. Qd2 Ne5 17. Bg2 0-0 18. 0-0 Ng6 19. Nxg6 fxg6 20. Qg5 Nd7 21. e5 Nxe5 22. Rae1 Rxf1+ 23. Rxf1 Rf8 24. Rxf8+ Kxf8 25. Qxh4 Nf7 26. Bxb7 Qe6 27. b3 Kg8 28. Qf2 Ng5 29. Qg2 Qe3+ 30. Kh2 Kh7 31. h4 Ne6 32. h5 Ng5 33. hxg6+ Kxg6 34. Qf1 Kh7 35. Be4+ g6 36. Bg2 Kg7 37. a3 a5 38. Kh1 Ne6 39. Bd5 Nf4 40. Bg2 Ne2 41. Kh2 Qg3+ 42. Kh1 Qh4+ 43. Bh3 Ng3+ 0-1

[Event "New Delhi Parsvnath blitz op 18th"]
[Site "New Delhi"]
[Date "2020.01.14"]
[Round "7"]
[White "Shreyash, Shuvam Patnaik"]
[Black "Mhamane, Sourabh"]
[Result "1-0"]
[WhiteElo "1887"]
[BlackElo "1705"]
[PlyCount "89"]
[EventDate "2020.01.14"]
[EventType "swiss (blitz)"]
[EventRounds "9"]
[EventCountry "IND"]
[SourceTitle "CBM 194 Extra"]
[Source "ChessBase"]
[SourceDate "2020.03.31"]
[SourceVersion "1"]
[SourceVersionDate "2020.03.31"]
[SourceQuality "1"]

1. e4 c5 2. Nf3 d6 3. d4 cxd4 4. Nxd4 Nf6 5. Nc3 a6 6. Be2 e5 7. Nb3 Be7 8. Be3 Be6 9. 0-0 0-0 10. Qd3 b5 11. a4 b4 12. Nd5 Bxd5 13. exd5 Nbd7 14. a5 Qc7 15. Qd2 Qb7 16. Rfd1 Ne4 17. Qd3 f5 18. f3 Ng5 19. h4 f4 20. hxg5 fxe3 21. Qxe3 Rac8 22. Bd3 Nc5 23. Nxc5 Rxc5 24. Qe2 Bxg5 25. Bxa6 Qc7 26. Bd3 g6 27. a6 Qa7 28. Qf2 Rf4 29. g3 Rf7 30. Ra4 Bd8 31. Rxb4 Bb6 32. Kg2 Rb5 33. Qe1 Ba5 34. Bxb5 Bxb4 35. Qxb4 Qe3 36. Qe4 Qb6 37. c4 Qa5 38. Qe2 Qb4 39. Qd2 Qb3 40. Qe2 Qb4 41. Ra1 e4 42. fxe4 Qc5 43. b3 Qd4 44. Ra2 Ra7 45. Qf2 1-0